Proses revolusi Islam

Bibliographic Details
Main Author: Abu'l A'la al-Maududiyy
Format: Book
Language:Malay
Published: Shah Alam : Dewan Pustaka Fajar 1984
Subjects:

MARC

LEADER 00000cam a2200000 7i4500
001 0000003275
005 20240926.0
008 991202 my may
040 |a INS   |b eng   |e rda 
090 0 0 |a BP173.6   |b .A383 1984 
100 1 |a Abu'l A'la al-Maududiyy 
245 1 0 |a Proses revolusi Islam   |c Abul A'la Al-Maududiyy 
264 1 |a Shah Alam :   |b Dewan Pustaka Fajar   |c 1984 
300 |a 53 pages ;   |c 22 cm. 
336 |a text  |2 rdacontent 
337 |a unmediated  |2 rdamedia 
338 |a volume  |2 rdacarrier 
650 0 |a Jihad 
999 |a 0000002629   |b BOOK   |c Open Shelf   |e Default branch